Statistics for Numbers in Polish Quiz

Click here to take the quiz!

General Stats

  • This quiz has been taken 41 times
  • The average score is 31 of 44

Answer Stats

#Answer% Correct
2dwa
95%
1jeden
95%
4cztery
90%
7siedem
90%
0zero
90%
9dziewięć
86%
3trzy
86%
12dwanaście
81%
10dziesięć
81%
8osiem
81%
5pięć
81%
6sześć
81%
11jedenaście
76%
15piętnaście
76%
100sto
76%
13trzynaście
76%
14czternaście
71%
18osiemnaście
71%
17siedemnaście
71%
40czterdzieści
67%
second{drug}i/a/e
67%
20dwadzieścia
67%
19dziewiętnaście
67%
16szesnaście
67%
30trzydzieści
67%
fourth{czwart}y/a/e
62%
2000dwa tysiące
62%
200dwieście
62%
tenth{dziesiąt}y/a/e
62%
ninth{dziewiąt}y/a/e
62%
1,000,000milion
62%
80osiemdziesiąt
62%
eighth{ósm}y/a/e
62%
fifth{piąt}y/a/e
62%
first{pierwsz}y/a/e
62%
70siedemdziesiąt
62%
seventh{siódm}y/a/e
62%
100,000sto tysięcy
62%
sixth{szóst}y/a/e
62%
third{trzec}i/a/e
62%
1000tysiąc
62%
90dziewięćdziesiąt
57%
50pięćdziesiąt
57%
60sześćdziesiąt
57%

Score Distribution

Percentile by Number Answered

Percent of People with Each Score

Your Score History

You have not taken this quiz